000 00694nam a22002297a 4500
003 OSt
005 20140310181732.0
008 130318t xxu||||| |||| 00| 0 eng d
020 _a9789812611475
050 _aPL 1071
_b.So698 2006
082 _aTRF 495.1
_bSo5p 2006
100 _aSong, Liwen
_92649
245 _aSimple strokes learn chinese the fun way :
_bplants and nature /
_cSong Liwen.
260 _aSingapore:
_bMarshall Cavendish Editions,
_cc2006.
300 _a173p. :
_bill. col. ;
_c24 cm.
521 _aFaculty
541 _j1
562 _e1
650 _aChinese philology
_xChinese characters.
_92658
650 _aTao, Youlan.
_92651
942 _2lcc
_cBK-TR
_kTR
999 _c2451
_d2451